1562 1787 1688 1037 1099 1223 1924 1244 1793 1556 1771 1164 1122 1659 1441 1607 1353 1265 1701 1865 1319 1749 1475 1551 1097 1183 1512 1892 1908 1232 1637 1352 1232 1030 1920 1734 1984 1481 1476 1727 1138 1442 1257 1286 1884 1514 1358 1509 1484 1523 1435 1643 1740 1878 1155 1790 1514 1946 1565 1938 1750 1968 1317 1698 1016 1205 1478 1871 1972 1434 1353 1421 1456 1639 1598 1469 1027 1455 1914 1146 1374 1382 1198 1069 1001 1296 1728 1222 1084 1204 1437 1030 1110 1810 1639 1955 1307 1864 1590 BCNSPRNW ULIB Ver.6.0+V

เปลี่ยนเป็นภาษาไทย

Change to English
 แสดงรายละเอียดบรรณานุกรม
  กลับหน้าหลัก

Brief Record : Get Marc (ISO 2709) : E-mail record : QR code < ปิดหน้าต่าง
LEADER : 00000nam 2200000uu 4500
001    13399110982
003     ULIB
008    110614s||||||||th 000 0 tha d
020    9748212459 (ล.3)
050  4 AC159^bส631น ล.3 2543
245 00 108 ซองคำถาม.^nเล่ม 3 /^cประวิทย์ สุวณิชย์, บรรณาธิการ
250    พิมพ์ครั้งที่ 3
260    กรุงเทพฯ :^bสารคดี,^c2543
300    205 หน้า :^bภาพประกอบ
650  4 ความรู้ทั่วไป
650  4 รวมเรื่อง
650  4 คำถามและคำตอบ
700 0  ประวิทย์ สุวณิชย์
945    ^p95^l0^i015941
995    ทศพร
999 ^a ใช้งานได้ทุกระบบ
รายการนี้ยังไม่มีแท็ก
คุณยังไม่ได้ล็อกอิน คุณสามารถมีกิจกรรมร่วมกับเว็บไซต์ได้ แต่ต้องล็อกอินก่อน ::
  ล็อกอิน

รายการสื่อสารสนเทศ

ลำดับที่ ประเภท เลขเรียก/บาร์โค้ด สถานที่ สถานะ
- ไม่พบข้อมูล -

รายการใกล้เคียง
    หัวเรื่อง [ความรู้ทั่วไป]
    หัวเรื่อง [รวมเรื่อง]
    หัวเรื่อง [คำถามและคำตอบ]

BibComment


ยังไม่เคยถูกคอมเมนท์

คอมเมนท์ทรัพยากรรายการนี้
  คอมเมนท์: 108 ซองคำถาม เล่ม..


 Copyright 2026. Bcnsprnw @Library